Scientific Approach To Environmental Studies/ (Record no. 213315)

MARC details
000 -LEADER
fixed length control field 00677nam a22002297a 4500
003 - CONTROL NUMBER IDENTIFIER
control field dpl
005 - DATE AND TIME OF LATEST TRANSACTION
control field 20250904111010.0
008 - FIXED-LENGTH DATA ELEMENTS--GENERAL INFORMATION
fixed length control field 240724b |||||||| |||| 00| 0 eng d
010 ## - LIBRARY OF CONGRESS CONTROL NUMBER
LC control number ENG-146618
020 ## - INTERNATIONAL STANDARD BOOK NUMBER
International Standard Book Number 818729924X
Terms of availability 200.00
035 ## - SYSTEM CONTROL NUMBER
System control number EN-146618
037 ## - SOURCE OF ACQUISITION
Source of stock number/acquisition DBAD
040 ## - CATALOGING SOURCE
Original cataloging agency DPL
Transcribing agency 0
082 ## - DEWEY DECIMAL CLASSIFICATION NUMBER
Classification number 363.7
Edition number 1
100 ## - MAIN ENTRY--PERSONAL NAME
Personal name Sivaraman, M.
9 (RLIN) 84694
245 ## - TITLE STATEMENT
Title Scientific Approach To Environmental Studies/
Statement of responsibility, etc M. Sivaraman
250 ## - EDITION STATEMENT
Edition statement 1
260 ## - PUBLICATION, DISTRIBUTION, ETC. (IMPRINT)
Place of publication, distribution, etc Puducherry
Name of publisher, distributor, etc Puducherry Co-operative Book Society
Date of publication, distribution, etc 2010
270 ## - ADDRESS
Address P. 653 17, 14th street, Krishna nagar
City Puducherry
Postal code 605008
300 ## - PHYSICAL DESCRIPTION
Extent 229p.
Dimensions 21(pbk)
942 ## - ADDED ENTRY ELEMENTS (KOHA)
Source of classification or shelving scheme Dewey Decimal Classification
Koha item type English Books
Classification part 363.7
Call number suffix SIV
Holdings
Withdrawn status Lost status Source of classification or shelving scheme Damaged status Not for loan Collection code Home library Current library Date acquired Source of acquisition Cost, normal purchase price Total Checkouts Full call number Barcode Date last seen Cost, replacement price Price effective from Koha item type
    Dewey Decimal Classification     Non-fiction Mobile Library Mobile Library 04/09/2025 DBAD 200.00   363.7 SIV EN-130150 04/09/2025 200.00 04/09/2025 English Books

© Delhi Public Library
Hit Counter
free hit counter